[Event "Queenstown op"]
[Site "Queenstown"]
[Date "2012.01.20"]
[Round "6"]
[White "Rozentalis, Eduardas"]
[Black "Bojkov, Dejan"]
[Result "1-0"]
[WhiteElo "2592"]
[BlackElo "2553"]
[Annotator "Bojkov,D"]
[PlyCount "119"]
[EventDate "2012.01.15"]
[EventType "swiss"]
[EventRounds "9"]
[EventCountry "NZL"]
[SourceTitle "CBM 146 Extra"]
[Source "ChessBase"]
[SourceDate "2012.02.29"]
[SourceVersion "1"]
[SourceVersionDate "2012.02.29"]
[SourceQuality "1"]

1. e4 e5 2. Nf3 Nc6 3. Bb5 a6 4. Bxc6 {Rozentalis is a very technical player,
and the Exchange Ruy Lopez is part of his repertoire.} dxc6 5. O-O f6 {I
decided not to deviate from the main line.} 6. d4 exd4 7. Nxd4 c5 8. Nb3 Qxd1
9. Rxd1 Bg4 10. f3 Be6 11. Bf4 c4 12. Nd4 O-O-O 13. Nc3 Bf7 14. Kf2 Ne7 {
[%csl Ge5][%cal Ge7g6,Gg6e5] The most natural approach. Black is finishing his
development. Other options are:} (14... Bc5 15. Be3 Bxd4 16. Bxd4 Ne7 {some
people like to hold such positions, but as Black is playing for the two
results only it is not my cup of tea...}) (14... Bb4 {is more interesting, as
in this case Black can at least spoil the pawn structure of the opponent.} 15.
Nf5 Rxd1 16. Rxd1 Bxc3 17. bxc3 g6 18. Ne3 h5 {[%csl Yf4,Rg4][%cal Rh5g4,Gg6g5,
Gh5h4]} 19. Nd5 Bxd5 20. Rxd5 b6 {with approximate equality.}) 15. Be3 (15. a3
g6 16. Rd2 Bg7 17. Rad1 Rd7 18. Be3 Rhd8 19. Nde2 f5 20. Rxd7 Rxd7 21. Rxd7
Kxd7 22. Bd4 Bh6 23. Be3 Bg7 24. Bd4 {1/2 (24) Orlov,A (2519)-Baramidze,D 
(2527) Dortmund 2009}) 15... h5 (15... Ng6 16. Nf5 Re8 17. f4 Be6 18. Nd5 Bxf5
19. exf5 Ne7 20. Nxe7+ Bxe7 21. Kf3 Bd6 $13 {0-1 De la Riva Aguado,O (2460)
-Korneev,O (2565)/Mondariz 1997/EXT 1999 (47)}) 16. Rd2 $146 {A novelty, which
does not change the evaluation of the position as an equal. Previously I had
analysed for ChessBase Magazine:} (16. Nde2 Re8 17. Nf4 Nc6 18. Nfd5 Ne5 19.
Rd2 Be6 20. Rad1 b5 21. a4 b4 22. Ne2 Kb7 23. Ndf4 Bf7 24. Rd8 $2 g5 25. Nh3
Nd3+ $19 {0-1 (37) Howell,D (2487)-Fedorchuk,S (2576) Marseille 2006}) (16. g3
b6 17. f4 {[%csl Re4]} Re8 18. Rd2 Kb7 19. a3 Nc8 {[%csl Re4][%cal Gc8d6]} 20.
Re2 b5 (20... Nd6 21. Bd2 Bg6 22. Rae1) 21. Nf3 Bd6 22. Bd2 Rhf8 {[%cal Rf8f2]
aimed against the possible e4-e5 advance.} 23. Rae1 Rd8 24. Bc1 Ne7 25. Kg2 (
25. e5 fxe5 26. Nxe5 Bg8 27. Ne4 Nf5 $11) 25... Nc6 $11 {1-0 (45) Meijers,V 
(2512)-Korneev,O (2606) Istanbul 2003 CBM 128 [Bojkov]}) 16... Ng6 $11 17. Rad1
Ne5 18. a3 (18. h3 h4) 18... g6 {[%cal Gf8g7]} 19. Nde2 ({Generally speaking,
Black is not afraid of the advance of the f-pawn, as the e4 one becomes
vulnerable:} 19. g3 Bg7 (19... h4 $5) 20. h3 Rhe8 21. f4 Nd7 $132 {[%csl Re4]
[%cal Gd7c5]}) 19... Rxd2 20. Rxd2 Bg7 21. Nf4 Re8 (21... Rd8 22. Nfd5 {
[%csl Rd8][%cal Rd5e7]}) 22. Nfd5 Nd7 ({Another appealing idea is the standard
break} 22... f5 23. exf5 gxf5 {but for the time being I decided to avoid any
weaknesses.}) 23. Bf4 c6 (23... Ne5 $5 $11) 24. Ne3 ({Eduardas spent a lot of
time on the tricky} 24. Nc7 Rd8 25. Na8 {[%csl Rc8][%cal Gc3a4,Ga8b6] but after
} b5 {White has nothing better than} 26. Bc7 Re8 27. Nb6+ Nxb6 28. Bxb6 $11)
24... b5 ({But not} 24... Ne5 {when White can show activity with} 25. Na4 Kc7
26. Nc5 Bf8 $6 27. Bxe5+ fxe5 28. Rd7+) 25. Bd6 (25. Rd6 Re6 $11) 25... Nf8 $1
{[%cal Gf8e6,Gg7h6] The knight is transferred to a better position. My
opponent confessed after the game that he was worried about the situation
already. However, as the rules of the tournament did not allow draws before
the 30th move, he needed to keep on playing.} 26. Bb4 Ne6 27. Ne2 ({White
cannot go for the pawn:} 27. Rd6 Bf8 28. Rxc6+ $2 Kb7 $17 {[%csl Rc6][%cal
Rb7c6]}) 27... Bh6 {I became ambitious in the subsequent time trouble, and
decided to try my chances:} (27... Rd8 28. Rxd8+ Kxd8 $11) 28. g3 Ng5 {[%csl
Yd2,Ye3][%cal Rg5h3] Suddenly, there are direct threats!} 29. Nf4 $1 {The best
move from a practical point of view.} (29. h4 $2 {is bad:} Nh3+ 30. Kg2 Bxe3
31. Rd6 Re6 32. Kxh3 c5 $1 33. Rxe6 Bxe6+ $19 {[%csl Rh3][%cal Re6h3]}) ({
However, the move} 29. Rd6 {might lead to a complete mess:} Nh3+ (29... Re6 $11
{is safer}) 30. Kg2 Bxe3 31. Rxc6+ Kb7 32. Rxf6 {everything is hanging and I
had completely no idea what was going on:} Be6 33. Rxg6 (33. Rxe6 Rxe6 34. Kxh3
$13) 33... Bc8 34. Nc3 {White has three pawns for the piece, and active pieces.
Logic says he should be better.} Nf2 35. g4 (35. Nd5 Bh3+ 36. Kg1 Nd1+ 37. Nxe3
Nxe3 38. Rh6 Nxc2 39. Bc3 Rd8 40. Rxh5 Rd1+ 41. Kf2 Rf1+ 42. Ke2 Bg2 43. f4)
35... hxg4 36. Rg7+ Kc6 37. Nd5 gxf3+ 38. Kxf3 Bg4+ 39. Kxe3 Rxe4+ 40. Kxf2
Kxd5 $14) 29... Ne6 {And not the best reaction for the time trouble. I needed
to complete my idea with:} (29... f5 $1 {after which the position is
completely balanced and the draw is the most likely outcome:} 30. Rd6 (30. Ba5
fxe4 31. Rd6 exf3 32. Rxc6+ Kb8 33. Rxa6 c3 $5 34. bxc3 (34. Bxc3 $6 Kb7 $1 {
[%csl Ra6]} 35. Rf6 (35. Ra5 $2 Ne4+ 36. Kxf3 Nxc3 37. bxc3 Kb6 $19 {[%csl Ra5]
}) 35... Ne4+ 36. Kxf3 Nxf6 $17) 34... Ne4+ 35. Kxf3 Ng5+ 36. Kf2 Nh3+ 37. Kf3
$11 {White is losing after:} (37. Nxh3 Bxe3+ 38. Kg2 Bd5+ 39. Kf1 Bc4+ 40. Kg2
b4 $1 $19)) 30... fxe4 31. Rxc6+ Kb7 32. Rd6 exf3 33. Rd7+ Kc8 (33... Kc6 34.
Rd6+ Kb7 $11 (34... Kc7 35. Ned5+ Kc8 36. Rc6+ Kb7 37. Rc7+ Kb8)) 34. Ra7 Bg7 (
34... h4 $5) 35. c3 (35. Rxa6 Bxb2) 35... Kb8 36. Rxa6 Kb7 37. Ra5 Re5 $11) 30.
Nxe6 Bxe6 31. f4 (31. Rd6 $5 Kc7 32. f4 a5 33. Bc5 Bf8 $140 $2 (33... Bg7 $142)
34. Rxe6 Rxe6 35. Bxf8 Rxe4 36. f5 $1 $16) 31... Rd8 32. Rxd8+ Kxd8 33. c3 {
[%csl Ra6,Rc6][%cal Gb4c5,Ye3c2,Yc2b4] Suddenly, Black has some problems to
solve. White wants to place his bishop on c5 and bring the knight on b4 to
attack the c6- and a6-pawns. The position is still holdable, but further
mistakes in the time trouble had bad consequences...} Kd7 34. Nc2 h4 (34... Bg4
{was a better idea, intending to meet White's plan with} 35. Bc5 a5 36. a4 Bd1
$1) 35. Bc5 a5 36. a4 $1 {[%csl Ya5,Yb5,Yc6][%cal Gc2a3] Rozentalis uses all
his chances. He now wants to break my pawns and make them targets.} hxg3+ 37.
hxg3 Kc7 $6 ({The computer suggests the simple pawn grab. I was however,
frightened by the possible march of the white king towards the a-pawns:} 37...
bxa4 38. Ke2 {[%csl Ya4,Ya5][%cal Ge2d2,Gd2c1,Gc1b1,Gb1a2,Ga2a3,Ga3a4] Still,
there is a solution:} f5 $1 39. e5 Bd5 40. Nd4 (40. Ne3 Ke6 41. Kd2 g5 $1)
40... Be4 $11 {[%csl Rb1][%cal Ye4b1]}) 38. Nd4 Bd7 39. Kf3 f5 $2 {The
intended blockade does not work, and the defended passed pawn now decides the
outcome.} ({It is dubious that Black can survive the endgame after} 39... g5
40. Be7 g4+ 41. Ke3 Bg7 42. Nf5 (42. Bc5 $5) 42... Bxf5 43. exf5 {[%cal Ge3d4,
Gd4c5]} Kd7 44. Bc5 Kc7 45. Kd4) ({However, speculating with the possible
opposite coloured bishop endgames could still save Black, for example:} 39...
Bg7 40. g4 f5 $1 41. gxf5 (41. exf5 Bxd4 42. Bxd4 gxf5 43. g5 Be8 $11 {[%csl
Ga4][%cal Gc7d6,Gd6d5,Gb5a4]}) 41... Bxd4 42. Bxd4 gxf5 43. e5 Be6 $11) 40. e5
Bg7 41. Kg2 $1 $18 {[%csl Yg6][%cal Gg2h3,Gh3h4,Gh4g5,Yg5g6]} Bh6 42. Kh3 Kb7
43. Kh4 Ka6 44. Bd6 Kb7 45. Bc5 Ka6 46. e6 Be8 47. e7 $6 {We both got tired at
the end of he game. This move complicates the win. The pawn on e6 was
controlling important squares.} ({One winning plan is} 47. Nc2 $5 Kb7 48. Bd6
Kc8 49. Ne3 Kd8 50. axb5 cxb5 51. Nd5 {[%cal Rd5f6,Re6e7]}) ({Another good
idea is to bring the knight to f7 instead, which will crack Black's defence.} 
47. Nf3 $1 Kb7 48. Ng5 Bg7 (48... Bxg5+ 49. Kxg5 Kc8 50. Kf6 Kd8 51. Bb6+ Kc8
52. Ke7 $18 {[%csl Ye8][%cal Re7e8]}) 49. Be7 (49. Nf7 Bf6+) 49... Kc7 50. Nf7
$18 {[%csl Rg6][%cal Gh4g5,Gg5g6]}) 47... Kb7 48. Nf3 (48. Ne6 $1 {[%csl Rf6]
[%cal Ge6f8,Gf8h7,Gh7f6]} Kc8 49. Nf8 Kc7 50. Nh7 Bg7 (50... Kc8 51. Nf6 {
[%csl Re8,Rf6][%cal Rf6e8]}) 51. Kg5 Kd7 52. Nf8+ Kc8 53. Nxg6) 48... Kc7 49.
Ne5 g5+ {I knew that the position was lost anyway, and played this desperate
move. Alas, the alternatives do not save me either:} (49... Kb7 50. Nf3 Kc8 51.
Nd4 $18 {[%csl Rf6][%cal Gd4e6,Ge6f8,Gf8h7,Gh7f6] would lead to the idea from
above.}) (49... Bg7 50. Kg5 Bxe5 51. fxe5 Kd7 52. Kf6 g5 53. e6+ Kc7 54. Kg7
$18 {[%cal Rg7f8]}) ({Probably the most cunning is} 49... Kc8 50. Bb6 Bg7 51.
Kg5 Bxe5 52. fxe5 Kd7 53. Kf6 g5 54. g4 $1 (54. e6+ Kd6 55. Kxf5 g4 $1 {
and it is not certain if White wins at all.}) 54... fxg4 55. Bc5 Bh5 56. e6+
Kc7 57. Kg7 $18) 50. fxg5 Bg7 51. Nf3 Kd7 52. Bd4 $1 {Once the bishop is
exchanged the game is over.} Bxd4 53. Nxd4 Kxe7 54. Nxf5+ Kf8 55. Nd6 Bd7 56.
g6 Ke7 57. g7 Be6 58. Nf5+ Kf6 59. g4 bxa4 60. Kh5 1-0

[Event "Vienna m"]
[Site "Vienna"]
[Date "2015.08.19"]
[Round "3"]
[White "Mamedyarov, Shakhriyar"]
[Black "Ragger, Markus"]
[Result "1-0"]
[WhiteElo "2735"]
[BlackElo "2688"]
[Annotator "CB"]
[PlyCount "83"]
[EventDate "2015.08.17"]
[EventType "match"]
[EventRounds "6"]
[EventCountry "AUT"]
[SourceTitle "CBM 168"]
[Source "ChessBase"]
[SourceDate "2015.09.14"]
[SourceVersion "1"]
[SourceVersionDate "2015.09.14"]
[SourceQuality "1"]

1. e4 e5 2. Nf3 Nc6 3. Bb5 a6 4. Bxc6 dxc6 5. O-O f6 6. d4 exd4 7. e5 {In der
dritten Partie folgen beide Spieler bis hierher der ersten Partie. Mamedyarov
weicht als erster ab und spielt einen Zug der auf Großmeisterebene noch nicht
vorkam. In der ersten Partie folgte} (7. Nxd4) 7... Bg4 ({Eine Alternative ist
der Versuch mit} 7... c5 {den Bauern festzuhalten.} 8. exf6 Nxf6 9. Re1+ Be7
10. Qe2 (10. c3 $5) 10... Bg4 11. Bg5 Bxf3 12. Qxf3 O-O 13. Qxb7 h6 14. Bxf6
Bxf6 15. Nd2 Rb8 16. Qxa6 Rxb2 17. Qc4+ Kh8 18. Qxc5 d3 19. Ne4 Rxc2 20. Qa3
Bb2 21. Qb4 d2 {0-1 (21) Sougakis,A (1986)-Skembris,S (2443) Kavala 2003}) ({
Möglich ist auch} 7... fxe5 {mit der möglichen Zugfolge} 8. Re1 Nf6 9. Rxe5+
(9. Nxe5) 9... Be7 10. Qe2 Bg4) 8. Re1 Ne7 (8... Kf7 {ist nicht zu empfehlen.}
9. Ng5+ fxg5 10. Qxg4 {mit klarem Vorteil.} Be7 11. Nd2 Qd5 12. Nf3 Nh6 13.
Nxg5+ Kg6 14. Qe6+ Qxe6 15. Nxe6 Kf7 16. Nxd4 Rhe8 17. Bxh6 gxh6 18. Rad1 Rad8
19. Kf1 Bc5 20. Nf3 Ke6 21. Rxd8 Rxd8 22. g3 Rf8 23. Kg2 Rf5 24. Re2 h5 25. Ne1
Bd4 26. Nd3 a5 27. c3 Ba7 28. f4 b5 29. Kf3 c5 30. Ke4 c4 31. Ne1 {1-0 (31)
Brooks,M (2481)-Fernandez,J (2090) Stillwater 2007}) 9. exf6 gxf6 10. Nbd2 Qd5
11. Ne4 O-O-O (11... Bg7 12. Qxd4 (12. Bh6 O-O 13. Bxg7 Kxg7 14. Qxd4 Bxf3 15.
Qb4 $13) 12... Bxf3 13. Nxf6+ Bxf6 14. Qxf6 O-O-O 15. Qxf3 Qxf3 16. gxf3 Nf5
$11) 12. Nxf6 Bxf3 13. Nxd5 Bxd1 14. Nxe7+ Bxe7 15. Rxe7 Rhe8 (15... Bxc2 16.
Bf4 Rd7 17. Rxd7 Kxd7 18. Be5 {führt zur gleichen Struktur wie in der Partie.}
) 16. Rxe8 Rxe8 17. Be3 {Hier hat Schwarz nun die Qual der Wahl zwischen
verschiedenen Endspielen.} Bxc2 ({Im Turmendspiel nach} 17... dxe3 18. Rxd1
exf2+ (18... e2 19. Re1 Rd8 20. f4 Rd2 21. Kf2 Rxc2 22. Rxe2 $16) 19. Kxf2 {
spielt Weiß praktisch mit einem Mehrbauern, da die schwarze Mehrheit am
Damenflügel entwertet ist. Zudem hat er eine klaren Plan. Erschwerend für
Schwarz ist, dass der König vom Königsflügel abgeschnitten ist. Ein
Brückenbau mit} Re6 {scheint nicht zu funktionieren.} 20. g4 Rd6 21. Rxd6 cxd6
22. Kg3 Kd7 23. Kf4 Ke6 24. Kg5 Kf7 25. Kh6 Kg8 26. g5 d5 27. b4 b6 28. g6 hxg6
29. Kxg6 $18) 18. Bxd4 Rd8 19. Be3 Rd1+ {Ragger entscheidet sich für das
Endspiel mit ungleichen Läufern. Der Ausgang der Partie hängt davon ab ob es
gelingt am Königsflügel die 3:1 Bauernmehrheit von Weiß zu blockieren. In
der Partie gelingt das nicht. Die Alternative war die Türme am Brett zu
lassen. Das sollte am weißen Vorteil nichts ändern, aber vielleicht hat
Schwarz mehr Möglichkeiten auf Gegenspiel.} 20. Rxd1 Bxd1 21. f3 (21. h3 $5
Kd7 22. g4 a5 23. Kg2 a4 24. a3 b5 25. Kg3) 21... Kd7 22. Kf2 a5 (22... h5 {
ist die Alternative.} 23. Kg3 (23. h3 $1 Bc2 24. g4 hxg4 25. hxg4 $1 ({Nach} 
25. fxg4 {gibt es Remisstellungen, wie in der Variante mit 23.Kg3 beispielhaft
ersichtlich ist.}) 25... Ke6 26. f4 Bb1 27. a3 Bc2 28. f5+ Ke5 29. Kg3 c5 (
29... Ke4 30. Bf4 a5 31. Bxc7 a4 32. f6 Bb3 33. Kh4 $18) 30. Bf4+ Ke4 31. Bxc7
Bb3 32. f6 Be6 33. Kh4 Kf3 34. Kg5 $18) 23... Be2 $1 (23... Bc2 $2 {zu passiv.}
24. Kh4 Bg6 25. g4 hxg4 26. fxg4 Bf7 (26... Bb1 27. a3 Ke6 28. Kh5 Kf7 29. Kh6
a5 30. h4 Be4 31. h5 a4 32. g5 b5 33. g6+ Kg8 34. Kg5 $18) 27. Kg5 Ke7 (27...
Bxa2 $2 28. Kf6 $1 $18) 28. a3) 24. Kh4 Bf1 25. g4 hxg4 26. fxg4 {Hier bleiben
Weiß nur der g und h Bauer übrig. Schwarz hat gute Chancen eine theoretisch
bekannt Remisposition zu erreichen.} Be2 27. Kg5 Ke6 28. Bf4 Kf7 29. Bxc7 Kg7
30. h4 c5 31. Bb6 c4 32. Bd4+ Kf7 33. h5 (33. Kf5 b5 34. h5 b4 35. h6 Bd3+)
33... b5 34. Kh4 Bf3 35. g5 Ke6 36. g6 Kf5 $1 {und es geht für Weiß nicht
weiter.}) 23. g4 a4 24. a3 Ke6 25. Kg3 b5 26. h4 $6 ({Nach} 26. Bh6 {mit der
Idee die Variante mit 27.- h5 zu verhindern bekommt Schwarz Gegenspiel am
Damenflügel.} c5 27. f4 b4 28. f5+ Kd5) (26. f4 $1 h5 27. f5+ Ke5 28. Bf4+ (
28. h3 $1 Ke4 (28... hxg4 29. hxg4 Ke4 30. Bg1) 29. Bg1 Ke5 30. Kh4 hxg4 31.
hxg4 Kd6 32. Kg5 {sollte gewinnen.}) 28... Ke4 29. h3 (29. f6 Bb3 30. g5 Bf7 {
mit einer erfolgreichen Blockade.}) 29... hxg4 ({Nach dem verlockenden
Figurengewinn} 29... h4+ 30. Kxh4 Kxf4 31. f6 Bb3 32. Kh5 c5 33. g5 Kf5 34. h4
{sind die weißen Bauern stärker als die schwarze Figur.}) 30. hxg4 c5 31.
Bxc7 b4 32. f6 Bb3 33. Bd6 bxa3 34. bxa3 Be6 35. Kh4 Kf3 36. Bxc5 (36. g5 Bf7
37. Bxc5 Kf4 {nebst Blockade und Remisstellung.}) 36... Bf7 37. Kg5 Be6 38. Kg6
Kxg4 39. f7 Bxf7+ 40. Kxf7 Kf5 {Schwarz rettet sich in das Endspiel Randbauer
und Läufer von der falschen Farbe. Er muss nur in das Eckfeld a8 gelangen.
Das gelingt leicht, das Weiß irgendwann den Bauern a4 schlagen muss, will er
weiterkommen.}) 26... Be2 ({Auch mit} 26... Kd5 {kann Schwarz seine Mehrheit
nicht mobilisieren.} 27. h5 c5 28. Bd2) ({Eine interessante Verteidigung ist
laut Eva Moser} 26... h5 $1 {wonach nicht ersichtlich ist wie Weiß
weiterkommt. Weiß hätte diese Variante allerdings mit 26.f4! umgehen können.
} 27. gxh5 $1 {ist der kritische Zug.} (27. g5 Bc2 $11) (27. Kf4 Kf6 (27...
hxg4 $1 28. fxg4 (28. Kxg4 Bc2 $11) 28... Be2 29. h5 Bd1 30. Kg5 Kf7 31. Kh4
Be2 32. g5 Ke6 33. g6 Kf5 $11) 28. Bd4+ (28. gxh5 $1 Be2 29. Bd4+ Kf7 30. h6
Bd3 (30... Kg6 31. Bg7 Bd1 32. Ke4 Bc2+ 33. Kd4 Bd1 34. f4 Bc2 35. Ke5 Bd3 36.
Bf8 Bc2 37. f5+ Kh7 38. Ke6 $18) 31. Kg5 Bh7 32. f4 Ke7 33. Be3 Kf7 34. f5 Ke7
35. Bf4 Kf7 36. Bxc7 Ke7 37. Bb6 Kf7 38. Bc5 Bg8 39. Kf4 Bh7 40. Ke5 Bg8 41.
Kd6 Bh7 42. Kxc6 Bxf5 43. Kxb5 Bc2) 28... Kg6 29. Be5 Be2 30. Bxc7 Bd1) 27...
Kf5 $1 (27... Kf7 {mit der Idee den Läufer nach h7 zu bringen und passiv
zwischen g8 und h7 zu pendeln funktioniert nicht.} 28. Kg4 Be2 29. h6 Bd3 30.
Kg5 Bh7 31. f4 Bg8 32. f5 Bh7 33. h5 Bg8 34. Bd4 Bh7 35. Be5 Bg8 36. Bxc7 Bh7
37. Bd6 Bg8 38. Kf4 Bh7 39. Ke5 Bg8 40. Bc5 Bh7 41. Bd4 Bg8 42. Kd6 Bh7 43.
Kxc6 Bxf5 44. Kxb5 $18) 28. h6 (28. Bc5 Bc2 29. Bf8 Bb1 30. h6 Kf6 31. Kf4 Kf7)
28... Kg6 29. h5+ Kh7 30. f4 (30. Bg5 c5 31. f4 b4 $11) 30... Kxh6 31. Kh4 Be2
32. f5+ Kg7 33. Kg5 Kh7 34. h6 Bf3 35. Kf6 Bg4 36. Ke5 Bd1 {könnte der
schmale Pfad zum Remis sein.}) 27. h5 $1 {Mamedyarov will den Bauern nach h6
bringen und dann mit g6 durchbrechen.} Bd3 28. f4 Be2 29. f5+ Kf7 ({Das aktive
} 29... Ke5 {löst die schwarzen Probleme auch nicht.} 30. Bf4+ Kd5 (30... Ke4
31. f6 Bc4 32. g5 Kf5 33. g6 hxg6 34. h6) 31. Bxc7 c5 32. Kf4 Kc6 (32... b4 33.
h6 $18) 33. Be5 Kd5 34. Bc3 $18) 30. h6 Kg8 31. Kf4 {Weiß steht bereits auf
Gewinn.} Bd3 32. g5 Kf7 33. Bd4 Kg8 34. Ke5 Kf7 35. Bc5 ({Hübsch gewinnt auch
} 35. g6+ hxg6 36. h7 Kg7 37. f6+ Kxh7 38. f7 Kg7 39. Ke6+ $18) 35... Bc4 36.
g6+ $1 Kg8 37. Kf6 ({Natürlich nicht} 37. g7 {mit schwarzer Festung.}) 37...
Bd3 38. Ke6 hxg6 39. f6 Bc4+ 40. Ke7 g5 41. f7+ Bxf7 42. h7+ ({Nach} 42. h7+
Kxh7 43. Kxf7 g4 44. Ke6 {stürzt sich Weiß einfach auf den schwarzen
Damenflügel und gewinnt leicht.}) 1-0